M.K. Gandhi, attorney at law : (Record no. 76365)
[ view plain ]
| 000 -LEADER | |
|---|---|
| fixed length control field | 03080nam a22002897a 4500 |
| 005 - DATE AND TIME OF LATEST TRANSACTION | |
| control field | 20230904163628.0 |
| 010 ## - LCCN (DPL NO) | |
| LC control number | ENG-107448 |
| 020 ## - INTERNATIONAL STANDARD BOOK NUMBER | |
| International Standard Book Number | 9788184001303 |
| Terms of availability | 599.00 |
| 035 ## - SYSTEM CONTROL NUMBER | |
| System control number | EN-90981 |
| 037 ## - SOURCE OF ACQUISITION | |
| Source of stock number/acquisition | DBAD/PUB |
| 082 ## - DEWEY DECIMAL CLASSIFICATION NUMBER | |
| Classification number | 340.092 |
| 100 ## - MAIN ENTRY--PERSONAL NAME | |
| Personal name | DiSalvo, Charles |
| 245 ## - TITLE STATEMENT | |
| Title | M.K. Gandhi, attorney at law : |
| Statement of responsibility, etc | by Charles DiSalvo |
| Remainder of title | the man before the Mahatma / |
| 260 ## - PUBLICATION, DISTRIBUTION, ETC. (IMPRINT) | |
| Place of publication, distribution, etc | Noida |
| Name of publisher, distributor, etc | Randon House India |
| Date of publication, distribution, etc | 2012 |
| 270 ## - ADDRESS | |
| Address | Windsor IT Park, 7th Floor, Tower-B, A-1,Sector-125 |
| City | Noida |
| Postal code | 201301 |
| 300 ## - PHYSICAL DESCRIPTION | |
| Extent | xv,456p. |
| Dimensions | 25cm(Hb) |
| 500 ## - GENERAL NOTE | |
| General note | Includes bibliographical references and index. |
| 520 ## - SUMMARY, ETC. | |
| Summary, etc | " In 1888, at the age of eighteen, Mohandas Gandhi sets out from his modest home in India. Shy, timid, and soft-spoken, he embarks on what he believes will be a new life abroad. Twenty-seven years later, at the age of forty-five, he returns-this time fearless, impassioned, and ready to lead his country to freedom. What transformed him? The law. M. K. Gandhi, Attorney at Law is the first biography of the Mahatma’s early years as a lawyer. It follows Gandhi as he embarks on a personal journey of self-discovery: from his education in Britain, through the failure of his first law practice in India, to his eventual migration to South Africa. Though he found initial success representing wealthy Indian merchants, events on the ground would come to change him. Relentless attacks by the white colonial establishment on Indian civil rights prompted Gandhi to give up his lucrative business in favor of representing the oppressed in court. Gandhi had originally hoped that the South African legal system could be relied upon for justice. But when the courts failed to respond, he had no choice but to shift tactics, developing what would ultimately become his lasting legacy-the philosophy and practice of nonviolent civil disobedience. As he took on the most powerful governmental, economic, and political forces of his day, Gandhi transformed himself from a modest civil rights lawyer into a tireless freedom fighter. Relying on never-before-seen archival materials, this book provides the reader with a front-row seat to the dramatic events that would alter Gandhi-and history-forever. "-- |c Provided by publisher. |
| 520 ## - SUMMARY, ETC. | |
| Summary, etc | "This book shows how Gandhi’s early life in the law played a critical role in the subsequent evolution of his philosophy and theory of nonviolent civil disobedience. The author traces Gandhi’s maturation from a tongue-tied novice to a competent professional, from civil rights lawyer to freedom fighter, finally integrating his principles of morality and spirituality into his political life"-- |c Provided by publisher. |
| 600 ## - SUBJECT ADDED ENTRY--PERSONAL NAME | |
| Personal name | Gandhi, Mahatma, |
| Dates associated with a name | 1869-1948. |
| 600 ## - SUBJECT ADDED ENTRY--PERSONAL NAME | |
| Personal name | Gandhi, Mahatma, |
| Dates associated with a name | 1869-1948 |
| General subdivision | Travel |
| Geographic subdivision | South Africa. |
| 650 ## - SUBJECT ADDED ENTRY--TOPICAL TERM | |
| Topical term or geographic name as entry element | Lawyers |
| Geographic subdivision | India |
| Form subdivision | Biography. |
| 650 ## - SUBJECT ADDED ENTRY--TOPICAL TERM | |
| Topical term or geographic name as entry element | South Africa |
| General subdivision | Politics and government |
| Chronological subdivision | 1836-1909. |
| 650 ## - SUBJECT ADDED ENTRY--TOPICAL TERM | |
| Topical term or geographic name as entry element | HISTORY / Asia / General. |
| 650 ## - SUBJECT ADDED ENTRY--TOPICAL TERM | |
| Topical term or geographic name as entry element | SOCIAL SCIENCE / Anthropology / Cultural |
| 942 ## - ADDED ENTRY ELEMENTS (KOHA) | |
| Source of classification or shelving scheme | Dewey Decimal Classification |
| Item type | English Books |
| Call number suffix | DIS |
| Call number prefix | 340.092 |
| Withdrawn status | Lost status | Not for loan | Collection code | Home library | Current library | Date acquired | Source of acquisition | Cost, normal purchase price | Full call number | Barcode | Copy number | Cost, replacement price | Koha item type |
|---|---|---|---|---|---|---|---|---|---|---|---|---|---|
| Not For Loan | Non-fiction | D.B.Act.Division | D.B.Act.Division | 30/05/2013 | DBAD / PUB | 599.00 | 340.092 DIS | EN-90981 | 1 | 599.00 | English Books |
